Top 10 richest Indian States by GDP - Statistics

General Stats
  • This quiz has been taken 94 times
  • The average score is 9 of 10
Answer Stats
Hint Answer % Correct
3 Uttar Pradesh
95%
4 Gujarat
91%
2 Tamil Nadu
91%
1 Maharashtra
90%
8 Andhra Pradesh
89%
5 Karnataka
86%
10 Madhya Pradesh
86%
7 Rajasthan
86%
6 West Bengal
86%
9 Telangana
85%
No matching quizzes found
Score Distribution
Percent of People with Each Score
Percentile by Number Answered
Your Score History
You have not taken this quiz